000 00301nam a22001337a 4500
008 170925b xxu||||| |||| 00| 0 eng d
020 _a9780673521705
041 _aeng
080 _26 ED
_a37
100 _a46
101 _aEDU
245 _aHUMANKING EMERKING
_cCAMPBELL.B.G
942 _2udc
_cBK
999 _c29624
_d29624